[Event "XXXIII Abierto Ciudad de Sevilla"]
[Site "?"]
[Date "2008.01.10"]
[Round "7"]
[White "Rizouk, A."]
[Black "Lanzani, M."]
[Result "1-0"]
[WhiteElo "2498"]
[BlackElo "2349"]
[PlyCount "41"]
[EventDate "2008.01.05"]
[SourceDate "2008.01.05"]

1. e4 c5 2. Nf3 d6 3. d4 cxd4 4. Nxd4 Nf6 5. Nc3 Nc6 6. Bc4 Qb6 7. Nxc6 bxc6 8.
O-O g6 9. Be3 Qa5 (9... Qxb2 10. Bd4 e5 (10... Qb7 11. Rb1 Qd7 12. Nd5 Bg7 13.
Qf3 $16) 11. Nb5 exd4 12. Nc7+ Ke7 13. Nxa8 Qc3 (13... Qb7 14. Qxd4 Bg7 15. e5
$18) 14. Qe2 Bg4 15. f3 Bh6 16. fxg4 Qe3+ 17. Qxe3 Bxe3+ 18. Kh1 Rxa8 19. Rab1
$14) 10. Bd4 Bg7 11. Re1 e5 12. Be3 Qc7 13. Qd2 O-O (13... Be6 $5 14. Bxe6 fxe6
15. Rad1 Rd8 16. b4 $14) 14. Rad1 Rd8 15. Bg5 Bb7 16. Kh1 Rd7 17. f4 Re8 18.
fxe5 {Diagrama #} dxe5 $2 (18... Rxe5 19. Bf4 Rc5 20. Bb3 Bf8) 19. Qf2 $18 Rxd1
(19... Ng4 20. Qg3 Rxd1 21. Rxd1 $18) 20. Rxd1 Qb6 21. Qf3 1-0

[Event "XXXIII Abierto Ciudad de Sevilla"]
[Site "?"]
[Date "2008.01.10"]
[Round "7"]
[White "Vehi Bach, V."]
[Black "Epishin, V."]
[Result "1/2-1/2"]
[WhiteElo "2373"]
[BlackElo "2577"]
[PlyCount "50"]
[EventDate "2008.01.05"]
[SourceDate "2008.01.05"]

1. e4 c5 2. Nf3 a6 3. d4 cxd4 4. Nxd4 Nf6 5. Nc3 e5 6. Nde2 Bc5 7. Ng3 d6 8.
Be2 O-O 9. O-O Be6 10. a4 Re8 11. Nd5 Bxd5 12. exd5 Nbd7 13. c3 g6 {controla al
Ng3 pero debilita las casillas negras; una de esas jugadas que yo no me
atrevería a hacer} 14. Bg5 e4 15. b4 Ba7 16. Qd2 Re5 17. c4 a5 ({
entregando la calidad; si} 17... Qe7 18. Bf4 (18. Ra3 Re8) 18... e3 19. fxe3
Ne4 20. Nxe4 Rxe4 21. c5 (21. Ra3 $6 g5) 21... dxc5 22. d6 Qe8 23. Bf3 Rxb4 24.
Rad1 $16) 18. Bf4 axb4 19. Bxe5 dxe5 20. Qxb4 Bd4 21. Rab1 Nc5 22. Bd1 Nfd7 {
las piezas negras han adquirido armonía pero no parece compensarnecesariamente
la calidad} 23. Bc2 (23. Ne2 $5 Nd3 24. Qb5 N7c5) 23... e3 24. fxe3 Bxe3+ 25.
Kh1 Qh4 {Diagrama # Y aquí se firmaron las tablas de respeto. Era posible 28.
Rf3 Bf4 29.Nf1 f5, aunque me quedo con la interesante 26.Ne4 Nxe4 27.Bxe4 Qxe4
28.Qe7 Nc5 29.Qxf7+ Kh8 30.Qe7 Kg8 31.d6 Qxc4 32.d7 Nxd7 33.Qxd7 b6 34.h3
ganando.} 1/2-1/2

[Event "XXXIII Abierto Ciudad de Sevilla"]
[Site "?"]
[Date "2008.01.10"]
[Round "7"]
[White "Barria, D."]
[Black "Campora, D."]
[Result "1/2-1/2"]
[WhiteElo "2427"]
[BlackElo "2535"]
[PlyCount "73"]
[EventDate "2008.01.05"]
[SourceDate "2008.01.05"]

1. e4 d6 2. d4 Nf6 3. Nc3 g6 4. Be3 Bg7 5. Qd2 O-O 6. f3 c6 7. O-O-O b5 8. Kb1
Nbd7 9. g4 Nb6 10. g5 Nh5 11. b3 a5 12. Nce2 f5 13. gxf6 Nxf6 14. Ng3 a4 15. h4
axb3 16. cxb3 Be6 17. Bh3 Bf7 18. N1e2 Qb8 19. h5 Qa7 20. Nc1 Rfb8 21. hxg6
hxg6 {Diagrama #} 22. Nf5 $5 (22. f4) 22... Nc4 $1 ({un ejemplo de} 22... gxf5
{podría ser:} 23. Bh6 Bxh6 24. Qxh6 Bxb3 25. Rh2 Kf7 26. Bxf5 Rg8 27. Nxb3 e6
28. Bh7 Rg7 29. e5 dxe5 30. dxe5 Nxh7 31. Qxh7 Qxa2+ 32. Rxa2 Rxh7 33. Rxa8
Nxa8 34. Rd6 $11) 23. Qg2 Nxe3 ({muy complejo es} 23... gxf5 24. Bh6 Ng4 25.
Bxg7 Nce3 26. Qg3 Bxb3 $1 27. Rd2 $1 Nc4 28. Rg2 Bxa2+ 29. Nxa2 Qa3 $11) 24.
Nxe3 Kf8 25. Bf5 Nh5 26. Bxg6 $6 (26. Qg5) (26. Bg4) 26... Nf4 27. Qh2 Nxg6 28.
Nf5 Bf6 29. e5 {Diagrama #} (29. f4 $15) 29... dxe5 $6 ({era necesario} 29...
Bg5 {pero podría seguir} 30. Rdg1 Bxc1 31. d5 $1 cxd5 32. Rxg6 Bxg6 33. Qh8+
Kf7 34. Qg7+ Ke8 35. Qxg6+ Kd8 36. Qg8+ Kc7 37. Rxc1+ Kb6 38. Qg1+ Ka6 39. exd6
Qxg1 40. Rxg1 e6 41. Nd4 e5 42. Ne6 Kb6 43. Rc1 Ra7 44. Nc7 d4 45. Nd5+ Ka5 46.
Ne7 Rxe7 47. dxe7 Re8 48. Rc5 Rxe7 49. a4 $11) 30. dxe5 Bxe5 31. Qh6+ Ke8 32.
Ng7+ Bxg7 33. Qxg7 e6 34. Rh8+ Nxh8 35. Qxh8+ Ke7 36. Qh4+ Ke8 37. Qh8+ {
Una interesante lucha} 1/2-1/2

[Event "XXXIII Abierto Ciudad de Sevilla"]
[Site "?"]
[Date "2008.01.10"]
[Round "7"]
[White "Mirzoev, A."]
[Black "Garcia Luque, A."]
[Result "1-0"]
[WhiteElo "2518"]
[BlackElo "2387"]
[PlyCount "57"]
[EventDate "2008.01.05"]
[SourceDate "2008.01.05"]

1. d4 Nf6 2. Nf3 g6 3. g3 Bg7 4. Bg2 O-O 5. O-O d6 6. b3 e5 7. dxe5 Ng4 8. Bb2
Nc6 9. Qc1 dxe5 10. h3 Nh6 11. Nc3 Nd4 12. Rd1 Nhf5 13. Nxd4 exd4 14. Ne4 {
Una posición engañosa, el negro parece estar cómodo pero las amenazas Ba3 o c3
dan ventaja alblanco} Bh6 (14... Qe7 15. Ba3 Nd6 16. Nxd6 cxd6 17. Bb2 Qxe2 18.
Bxd4 Be5 19. Re1 Qh5 20. Bxe5 dxe5 21. g4 $16) 15. Qb1 Qe7 16. c3 {Diagrama #}
(16. Bxd4 $2 Nxd4 17. Rxd4 Bg7) 16... c5 $2 (16... dxc3 17. Bxc3 $16) 17. Ba3
$18 b6 18. cxd4 Bb7 (18... Bg7 19. dxc5 Bxa1 20. Qxa1 $18) 19. dxc5 Bg7 20. c6
Qxa3 21. cxb7 Rab8 22. Rd7 Nd4 23. Qd1 $6 (23. e3 Nc2 24. Qxc2 Bxa1 25. Nd6 Qa5
26. Nxf7 Qe1+ 27. Kh2 Bg7 28. Bd5 $18) 23... Nxe2+ 24. Kh2 Bxa1 25. Qxa1 Qc1
26. Nf6+ Kh8 27. Qxc1 Nxc1 28. Rc7 Nxa2 29. Nd7 1-0

[Event "XXXIII Abierto Ciudad de Sevilla"]
[Site "?"]
[Date "2008.01.10"]
[Round "7"]
[White "Fernandez Romero, E."]
[Black "Carretero Ortiz, F."]
[Result "1-0"]
[WhiteElo "2462"]
[BlackElo "2233"]
[PlyCount "69"]
[EventDate "2008.01.05"]
[SourceDate "2008.01.05"]

1. e4 d5 2. exd5 Nf6 3. Nf3 Nxd5 4. d4 Bf5 5. Nh4 Bc8 6. g3 g6 7. Bg2 Bg7 8.
O-O O-O 9. c3 Nc6 10. Na3 Nb6 11. f4 Be6 12. Nf3 a5 13. Re1 a4 14. Nc2 Ra5 15.
Qe2 Bc4 16. Qf2 Be6 17. Ne3 {Diagrama #} Nc4 $2 (17... h6) 18. Ng5 $18 Nxe3 19.
Nxe6 fxe6 20. Qxe3 Nxd4 21. Rd1 c5 22. Qe1 a3 23. b4 cxb4 24. cxd4 Bxd4+ 25.
Be3 e5 26. Bxd4 exd4 27. Qxb4 e5 28. Rac1 exf4 29. Rxd4 Qg5 30. gxf4 Qf6 31.
Qd6 Qxd6 32. Rxd6 Rxf4 33. Rc7 Rf7 34. Bd5 Rxd5 35. Rc8+ 1-0

[Event "XXXIII Abierto Ciudad de Sevilla"]
[Site "?"]
[Date "2008.01.10"]
[Round "7"]
[White "Fenollar Jorda, M."]
[Black "Roeder, M."]
[Result "1/2-1/2"]
[WhiteElo "2253"]
[BlackElo "2461"]
[PlyCount "64"]
[EventDate "2008.01.05"]
[SourceDate "2008.01.05"]

1. d4 Nf6 2. Nf3 e6 3. e3 c5 4. Bd3 Nc6 5. c3 b6 6. Nbd2 Bb7 7. O-O Qc7 8. a3
d5 9. Qe2 Be7 10. b4 O-O 11. b5 Na5 12. dxc5 Bxc5 13. c4 dxc4 14. Nxc4 Nxc4 15.
Bxc4 Ng4 16. g3 Rac8 17. Bd3 Bxf3 18. Qxf3 Ne5 19. Qe2 Nxd3 20. Qxd3 Qe5 21.
Rb1 Rfd8 22. Qe2 Qe4 23. Bb2 Rd3 24. Rbd1 Rcd8 25. Rxd3 Qxd3 26. Qg4 Qg6 27.
Qa4 h5 28. Bd4 Bxd4 29. exd4 Qe4 30. Qxa7 Qxd4 31. h4 Qc5 32. a4 Rd4 {
Diagrama #} 1/2-1/2

[Event "XXXIII Abierto Ciudad de Sevilla"]
[Site "?"]
[Date "2008.01.10"]
[Round "7"]
[White "Korneev, O."]
[Black "Robles Garcia, C."]
[Result "1-0"]
[WhiteElo "2645"]
[BlackElo "2203"]
[PlyCount "63"]
[EventDate "2008.01.05"]
[SourceDate "2008.01.05"]

1. e4 c5 2. Nf3 d6 3. d4 cxd4 4. Nxd4 Nf6 5. f3 a6 6. c4 e6 7. Nc3 Be7 8. Be3
Qc7 9. Be2 Nbd7 10. O-O O-O 11. Qd2 b6 12. Rfc1 Bb7 13. b4 Rad8 14. a4 Rfe8 15.
Bf1 Qb8 16. Rab1 Qa8 17. Qf2 Bf8 18. Nb3 d5 19. exd5 exd5 {Diagrama #} 20. c5
$14 (20. Bxb6 Nxb6 21. Qxb6 dxc4 22. Bxc4 (22. Nc5 $2 Bxf3 23. gxf3 Qxf3 24.
Qb7 Qe3+ 25. Kh1 Rd2 26. Ne2 Ng4 $19) 22... Nd7 $11) 20... bxc5 21. bxc5 Rc8 (
21... Ne5 22. Bd4 Re6 23. Na5 Bc8 24. Na2 Nc6 25. Nxc6 Qxc6 26. Nb4 Qxa4 $14)
22. Bd4 Bc6 23. Na5 Qa7 24. Na2 Qc7 (24... Ne5 $16) 25. Nxc6 Qxc6 26. Nb4 $18
Qxa4 27. Nxa6 Ne5 28. Bb5 Qa5 29. Bxe8 Nd3 30. Rd1 Qd8 31. Qe3 Nc1 32. Bb5 1-0

[Event "XXXIII Abierto Ciudad de Sevilla"]
[Site "?"]
[Date "2008.01.10"]
[Round "7"]
[White "Ivanov, J."]
[Black "Martin Vazquez, J."]
[Result "1-0"]
[WhiteElo "2371"]
[BlackElo "2102"]
[PlyCount "73"]
[EventDate "2008.01.05"]
[SourceDate "2008.01.05"]

1. Nf3 Nf6 2. c4 d6 3. d4 g6 4. Nc3 Bg7 5. e4 O-O 6. h3 c5 7. d5 e6 8. Bd3 exd5
9. cxd5 a6 10. a4 Re8 11. O-O c4 12. Bxc4 Nxe4 13. Nxe4 Rxe4 14. Bg5 Bf6 15.
Bd3 Re8 16. Bxf6 Qxf6 17. Re1 Rxe1+ 18. Qxe1 Qd8 $6 (18... Nd7) (18... Bxh3)
19. Qb4 $16 b6 20. Qf4 {Diagrama #} Ra7 $2 (20... Nd7 21. Qxd6 Bb7 22. Bc4 Nf6
23. Qe5 $16) 21. Nd2 $18 Re7 22. Nc4 Bb7 23. Qd4 (23. Be4) 23... b5 24. axb5
axb5 25. Na5 b4 26. f4 (26. Be4) 26... Qc8 27. Nb3 (27. Ra4) 27... Nd7 (27...
Ba6) 28. Qxb4 Nc5 29. Nxc5 Qxc5+ $2 (29... dxc5 30. Qc4 Qc7 $16) 30. Qxc5 dxc5
31. Ra7 $18 Kf8 32. d6 Re3 33. Bc4 Bc6 34. Rc7 Ba4 35. b3 Bxb3 36. Bxb3 Rxb3
37. Rc8+ 1-0

[Event "XXXIII Abierto Ciudad de Sevilla"]
[Site "?"]
[Date "2008.01.10"]
[Round "7"]
[White "Burmakin, V."]
[Black "Pogorelov, R."]
[Result "1/2-1/2"]
[WhiteElo "2611"]
[BlackElo "2396"]
[PlyCount "77"]
[EventDate "2008.01.05"]
[SourceDate "2008.01.05"]

1. Nf3 Nf6 2. c4 e6 3. g3 d5 4. b3 Be7 5. Bg2 O-O 6. O-O c5 7. cxd5 Nxd5 8. Bb2
Nc6 9. Nc3 Nxc3 10. Bxc3 Qb6 11. Rc1 Rd8 12. Qc2 Bd7 13. Qb2 Bf8 14. d3 Be8 15.
Nd2 Rac8 16. a3 a6 17. Nc4 Qa7 18. Rc2 b5 19. Na5 Qb6 20. Nxc6 Bxc6 21. Bxc6
Rxc6 22. Rfc1 Rdc8 23. a4 Qb7 24. Qa1 c4 25. axb5 axb5 26. bxc4 bxc4 27. Rb2
Qd7 28. d4 R6c7 29. Ra2 Rb7 30. Ra4 Rb3 31. e3 (31. Qa2 Qb7 32. Ra7 Qe4 33. Qc2
) 31... Qd5 {Diagrama #} 32. Qa2 h5 33. h4 Rcb8 34. Be1 Bb4 35. Bxb4 R8xb4 36.
Rxb4 Rxb4 37. Qa3 Qb5 38. Rc2 g6 39. Kg2 1/2-1/2

[Event "XXXIII Abierto Ciudad de Sevilla"]
[Site "?"]
[Date "2008.01.10"]
[Round "7"]
[White "Justiniano Marquez, M."]
[Black "Kononenko, T."]
[Result "0-1"]
[WhiteElo "2144"]
[BlackElo "2378"]
[PlyCount "58"]
[EventDate "2008.01.05"]
[SourceDate "2008.01.05"]

{Presentada al Premio de Belleza. Comentarios sobre notas de Korneev} 1. d4 d5
2. g3 Nf6 3. Bg2 c6 4. c3 Bf5 5. Nf3 e6 6. Qb3 Qb6 7. Nbd2 Nbd7 {
Admitiendo el cambio de su alfil; la alternativa era} (7... h6) 8. Nh4 Be7 {
El negro logrará la columna e y el control de e4. La alternativa era} (8...
Qxb3 9. axb3 Bc2 10. b4 h6 {pero al negro no le gustaba conceder la columna a})
9. Nxf5 exf5 10. Qxb6 Nxb6 (10... axb6 $5 11. c4) 11. Nf3 {
llevando el caballo a d3} Ne4 12. Ne5 f6 13. Nd3 h5 {
en ausencia del alfil, el negro controla las casillas blancas con los peones}
14. h4 Nd7 {hacia e6} 15. Bh3 g6 16. f3 Nd6 (16... Nxg3 $2 17. Rg1 Bd6 18. Kf2
$18) 17. Bf4 Kf7 {sin Damas los reyes están bien en el centro} 18. O-O-O (18.
Kf2) 18... Nf8 19. Rde1 (19. g4 $5 hxg4 20. fxg4 Rxh4 21. gxf5 Nxf5 22. Bxf5
Rxh1 23. Bxg6+ Nxg6 24. Rxh1 Rh8 25. Rxh8 Nxh8 $11) 19... Ne6 20. Be3 (20. Bd2
Rae8) (20. Bxd6 $6 Bxd6 21. e4 $6 (21. Rhg1) 21... Bxg3 22. exf5 gxf5 23. Reg1
Nf4 24. Nxf4 Bxf4+ 25. Kc2 Be3 26. Rg2 f4) 20... Bf8 {
va a h6 y libera e para las torres} 21. Kc2 (21. g4 $6 hxg4 22. fxg4 Bh6 23.
Bxh6 Rxh6 24. gxf5 gxf5 $15) 21... Bh6 22. Bg1 {
buscando atacar d6 desde h2 pero desprotegiendo a su Rey} (22. Bxh6 Rxh6 23.
Bg2 Re8 24. e3) (22. Bf2 Rae8 23. e3 $15) 22... Rae8 23. b3 Re7 24. Bh2 Rhe8 {
Diagrama #} 25. g4 $6 (25. Bf1 $15) (25. e3 $5 Bxe3 26. g4 $15) 25... Nb5 (
25... Nxd4+ $1 26. cxd4 Rxe2+ 27. Kb1 Nb5 28. Rxe2 Rxe2 29. Bf4 Nc3+ 30. Kc1
Nxa2+ 31. Kb1 Nc3+ 32. Kc1 Bxf4+ 33. Nxf4 Ra2 $19) 26. g5 $6 (26. Bf1 fxg4 27.
fxg4 hxg4 28. Rg1 Nexd4+ 29. cxd4 Nxd4+ 30. Kc3 Nxe2+ 31. Bxe2 Rxe2 32. Rxe2
Rxe2 33. Bf4 Bxf4 34. Nxf4 Re4 35. Nd3 f5 $19) (26. e3 Nexd4+ 27. cxd4 (27.
exd4 $2 Re2+ 28. Rxe2 Rxe2+ 29. Kb1 Nxc3+ 30. Ka1 Rxa2#) 27... Rxe3 28. Rxe3
Rxe3 29. Bf1 hxg4 30. fxg4 fxg4 31. Bg1 Re4 $17) 26... Nexd4+ $1 (26... Nxg5 $1
27. Ne5+ (27. hxg5 Rxe2+ 28. Rxe2 Rxe2+ $19) 27... fxe5 28. hxg5 Bxg5 29. Bxe5
Rxe5 30. dxe5 Rxe5 $19) 27. cxd4 Rxe2+ 28. Kc1 Bf8 29. Ne5+ (29. b4 Rxa2 30.
Bf4 Rxe1+ 31. Rxe1 Nxd4 $19) 29... R8xe5 {
30.dxe5 Ba3+ 31.Kb1 Nc3+ 32.Ka1 Rxa2++ Comentarios sobre notas de Korneev} 0-1

[Event "XXXIII Abierto Ciudad de Sevilla"]
[Site "?"]
[Date "2008.01.10"]
[Round "7"]
[White "Lopez Martinez, J."]
[Black "Movsziszian, K."]
[Result "0-1"]
[WhiteElo "2550"]
[BlackElo "2527"]
[PlyCount "128"]
[EventDate "2008.01.05"]
[SourceDate "2008.01.05"]

1. e4 d6 2. d4 Nf6 3. Nc3 g6 4. Be3 c6 5. h3 Nbd7 6. f4 Qa5 7. Qf3 b5 8. e5 b4
9. Nd1 Nd5 10. Bd2 e6 11. c4 bxc3 12. bxc3 dxe5 13. fxe5 Rb8 14. Bd3 c5 15. Ne2
cxd4 16. cxd4 Bb4 17. O-O (17. Bxb4 Qxb4+ 18. Kf2 $11) 17... Bxd2 18. Qxf7+ Kd8
{Diagrama #} 19. Qg7 ({Mi sensación es que esta jugada pierde. Tras} 19. Qxe6
Nb4 20. Qb3 Nxd3 21. Qxd3 Ba6 22. Qe4 {se intuye que los peones valen una pieza
}) 19... Re8 20. Qxh7 Ne7 {la caballería y no la infantería protege al Rey.
López buscará ubicar un caballo en e4 y Karen activar rápido todas las piezas}
21. Nf2 Ba6 22. Bxa6 Qxa6 23. Ng3 Be3 24. Nge4 Rb2 $19 25. Qh4 Rf8 26. Kh1 g5 (
26... Rxa2) 27. Qh6 Nf5 28. Qg6 Nxd4 29. Rad1 Kc7 30. Qg7 Bxf2 (30... Rbxf2 31.
Nxf2 Rxf2 32. Rxf2 Bxf2 33. Rc1+ Nc6 $19) 31. Nc5 (31. Rc1+ Rc2 32. Nf6 Rxf6
33. exf6 Rxc1 34. Rxc1+ Nc6 35. f7 Qa3 $19) 31... Qc6 32. Nxd7 {Diagrama #}
Qxg2+ $6 (32... Nf5 {fuerza el abandono} 33. Qxf8 Ng3+ 34. Kh2 Nxf1+ 35. Rxf1
Bg3+ 36. Kxg3 Rxg2#) 33. Kxg2 Be1+ 34. Kg1 Ne2+ 35. Kg2 Ng3+ 36. Rf2 Rfxf2+ 37.
Kxg3 Rf7+ 38. Rxe1 Rxg7 39. Nf8 Re7 40. Kg4 Rf2 41. Ng6 Rg7 42. Kh5 Rh7+ 43.
Kg4 Rg2+ 44. Kf3 Rxa2 45. Kg3 a5 46. Nf8 Re7 47. Rd1 Rc2 48. Kg4 Rf2 49. Ng6
Rg7 50. Kh5 Rh7+ 51. Kg4 Rg2+ 52. Kf3 Rb2 53. Kg4 a4 54. Ra1 Rg2+ 55. Kf3 Rh2
56. Kg4 R7xh3 57. Nf8 Rh6 58. Kxg5 Kc6 59. Ng6 Kb5 60. Nf4 Rh1 61. Ra3 Kb4 62.
Rd3 a3 63. Rd8 Rh8 64. Rd4+ Kb5 0-1

[Event "XXXIII Abierto Ciudad de Sevilla"]
[Site "?"]
[Date "2008.01.10"]
[Round "7"]
[White "Zhao, Z."]
[Black "Aroshidze, L."]
[Result "0-1"]
[WhiteElo "2487"]
[BlackElo "2535"]
[PlyCount "84"]
[EventDate "2008.01.05"]
[SourceDate "2008.01.05"]

1. Nf3 c5 2. g3 b6 3. Bg2 Bb7 4. c4 Nf6 5. O-O e6 6. Nc3 d6 7. Re1 Be7 8. e4
Nc6 9. d4 cxd4 10. Nxd4 Nxd4 11. Qxd4 Qb8 12. Be3 O-O 13. h3 Rd8 14. Qd2 Qc7
15. b3 Rac8 16. Rac1 Qb8 17. a4 h6 18. Bd4 Nd7 19. Qe2 Bf8 20. h4 a6 21. Rb1
Nc5 22. Rec1 Qa8 23. b4 Nd7 24. f4 Re8 25. Be3 Rc7 26. Qd3 (26. a5) 26... Rec8
$15 27. Nd1 (27. Ne2 a5 28. Nd4) 27... a5 $17 28. b5 f5 29. Nf2 Nc5 $6 (29...
Kh8) 30. Bxc5 Rxc5 31. Qe2 $6 (31. Bh3) 31... Kh8 32. Rb2 (32. Bh3) 32... d5
33. exf5 exf5 {Diagrama #} 34. Nd3 $2 (34. Rbc2 dxc4 35. Bxb7 Qxb7 36. Qe6 (36.
Rxc4 Qf7 37. Rxc5 Bxc5 38. Kf1 Re8 $19) 36... Rd5 37. Rxc4 Bc5 $17) 34... Rxc4
$19 35. Re1 Bb4 36. Nxb4 Rxb4 37. Rxb4 axb4 38. Qe6 b3 39. Qxf5 b2 40. Bf1 Rc1
41. Bd3 Rxe1+ 42. Kf2 Re4 0-1

[Event "XXXIII Abierto Ciudad de Sevilla"]
[Site "?"]
[Date "2008.01.10"]
[Round "7"]
[White "Karim, I."]
[Black "Komljenovic, D."]
[Result "1-0"]
[WhiteElo "2366"]
[BlackElo "2482"]
[PlyCount "53"]
[EventDate "2008.01.05"]
[SourceDate "2008.01.05"]

{Presentada al Premio de Belleza. Comentarios sobre notas de Karim} 1. e4 c5 2.
Nf3 d6 3. Nc3 Nf6 4. d4 cxd4 5. Qxd4 Nc6 6. Bb5 Bd7 7. Bxc6 Bxc6 8. Bg5 e6 9.
O-O-O h6 10. Bd2 Be7 11. Qd3 Ng4 12. Qe2 Qb6 13. Rhf1 O-O 14. h3 Ne5 15. Be3
Qb4 16. Nd2 b5 17. a3 Qa5 18. f4 Nc4 19. Nxc4 bxc4 20. f5 $14 {Diagrama #} d5
$6 (20... Rab8) 21. Bxh6 $6 (21. fxe6 $1 Bxa3 (21... fxe6 22. Qg4 $18 Bxa3 23.
Qxe6+ Kh7 24. Rxf8 Rxf8 25. Bd4 Bc5 26. Bxc5 Qxc5 27. exd5 Be8 28. d6 Bg6 29.
d7 $18) 22. exf7+ Rxf7 23. Rxf7 Kxf7 24. Bd4 Bf8 25. Qg4 $18) 21... d4 22. Nd5
$5 (22. Qg4 Qe5 23. Bf4 Qc5 24. Bh6 Qe5 $11) 22... exd5 $2 (22... Bxa3 $19 23.
Nf6+ (23. Kb1 Rfb8 24. Nf6+ Kf8 25. Bxg7+ Kxg7 26. Qg4+ Kf8 27. Nh7+ Ke7 28.
f6+ Kd7 $18) 23... Kh8 24. Bxg7+ Kxg7 25. Qg4+ Kxf6 26. Qh4+ Kg7 27. Qg3+ Kh7
28. bxa3) 23. Qg4 $18 g6 24. fxg6 f5 25. Rxf5 Rfe8 26. Bd2 c3 27. Qh5 1-0

[Event "XXXIII Abierto Ciudad de Sevilla"]
[Site "?"]
[Date "2008.01.10"]
[Round "7"]
[White "Chasovnikova, E."]
[Black "Belezky, A."]
[Result "0-1"]
[WhiteElo "2184"]
[BlackElo "2449"]
[PlyCount "70"]
[EventDate "2008.01.05"]
[SourceDate "2008.01.05"]

1. d4 Nf6 2. Nf3 e6 3. c4 Bb4+ 4. Nbd2 b6 5. a3 Bxd2+ 6. Bxd2 h6 7. g3 Bb7 8.
Bg2 d6 9. O-O O-O 10. b4 Nbd7 11. Bc3 Be4 12. Qb3 Qb8 13. Bb2 b5 14. c5 a5 15.
Rfc1 Qb7 16. bxa5 Rxa5 17. Bh3 Bd5 18. Qc2 Ra6 19. Nd2 Ne4 20. f3 Nxd2 21. Qxd2
Qa7 22. e4 Bc4 {Diagrama #} 23. Kh1 $2 (23. a4 Rxa4 24. Rxa4 Qxa4 25. Ra1 Ba2
26. cxd6 cxd6 27. d5 $14) 23... dxc5 24. dxc5 Nxc5 25. Bf1 (25. Rxc4 bxc4 26.
Qc3 f6 27. Qxc4 $17) 25... Nb3 $19 26. Qc3 f6 27. Bxc4 bxc4 28. Qxc4 Nxa1 29.
Bxa1 Qe3 30. f4 Rd8 31. Kg2 Rd2+ 32. Kh3 Qf3 33. Qb5 h5 34. Qe8+ Kh7 35. Bxf6
Qg4# 0-1

[Event "XXXIII Abierto Ciudad de Sevilla"]
[Site "?"]
[Date "2008.01.10"]
[Round "7"]
[White "Durao, J."]
[Black "Escobar Forero, A."]
[Result "0-1"]
[WhiteElo "2152"]
[BlackElo "2461"]
[PlyCount "96"]
[EventDate "2008.01.05"]
[SourceDate "2008.01.05"]

1. d4 Nf6 2. c4 d6 3. Nc3 Nbd7 4. e4 e5 5. Nf3 g6 6. Be2 Bg7 7. O-O O-O 8. d5
Nc5 9. Nd2 a5 10. Qc2 Nh5 11. Bxh5 gxh5 12. Nb3 Nd7 13. Be3 b6 14. a3 Nf6 15.
f3 h4 16. Bg5 h3 17. Kh1 h6 18. Bh4 Qd7 19. Rg1 Ne8 20. g4 Ba6 21. Qe2 Rc8 22.
Nd2 a4 23. Rac1 f6 24. Nf1 Rb8 25. Na2 Bb7 26. Ne3 c6 27. Nc3 Ba6 28. dxc6 Qxc6
29. Ncd5 Rf7 30. Nf5 Bf8 31. Nb4 Qa8 32. Bf2 Nc7 33. Be3 Rh7 34. Rg3 d5 35.
Nxa6 Qxa6 36. Rxh3 dxe4 37. fxe4 Ne6 38. Qd2 Rd8 39. Qf2 Qb7 40. Bxb6 Ng5 41.
Bxd8 Nxh3 {Diagrama #} 42. Qg2 $2 (42. Qc2 Qxe4+ 43. Qxe4 Nf2+ 44. Kg2 Nxe4 $18
) 42... Nf4 43. Qc2 Rd7 44. Bxf6 $2 (44. Ba5) 44... Rd2 $19 45. Ng3 Rxc2 46.
Rxc2 Qb3 47. Rf2 Qd1+ 48. Rf1 Qd2 0-1

[Event "XXXIII Abierto Ciudad de Sevilla"]
[Site "?"]
[Date "2008.01.10"]
[Round "7"]
[White "Teran Alvarez, I."]
[Black "Narciso Dublan, M."]
[Result "1-0"]
[WhiteElo "2404"]
[BlackElo "2513"]
[PlyCount "143"]
[EventDate "2008.01.05"]
[SourceDate "2008.01.05"]

1. c4 e5 2. g3 Nf6 3. Bg2 d5 4. cxd5 Nxd5 5. Nc3 Nb6 6. Nf3 Nc6 7. O-O Be7 8.
d3 O-O 9. b3 Re8 10. Bb2 Bf8 11. Rc1 Nd4 12. Nd2 c6 13. Nc4 Bg4 14. h3 Bh5 15.
g4 Bg6 16. Ne4 f6 17. e3 Ne6 18. Qe2 Nd5 19. Rfd1 Qc7 20. h4 Rad8 21. a3 Nb6
22. Na5 Nc8 23. b4 Nd6 24. Ng3 h6 25. Nc4 Qf7 26. Na5 Rd7 27. Qf3 Red8 28. Qe2
Be7 29. Bf3 Bh7 30. Kg2 f5 31. Bxe5 Bxh4 32. Bxd6 fxg4 33. Bxg4 Rxd6 34. Nc4
Rd5 35. d4 Bxg3 36. fxg3 Ng5 37. Rf1 Qe7 38. Rf4 Ne6 39. Rf2 Ng5 40. Ne5 Rf8 $6
(40... Rxe5 41. dxe5 Ne4 42. Qc4+ Kh8 43. Rf4 Bg8 44. e6 Rd2+) 41. Rxf8+ Qxf8
42. Rf1 $16 Qe7 43. Kh2 Be4 44. Qf2 (44. Bf5) 44... Rd6 45. Qa2+ Bd5 46. Qc2
Rf6 47. Rf4 Ne6 48. Rf5 Ng5 49. Rf4 b6 50. Bf5 Qe8 51. Bg6 {Diagrama #} Qe7 $2
(51... Qe6) 52. e4 $18 Rxf4 53. gxf4 Ne6 54. Bh7+ Kxh7 55. exd5+ Kg8 56. dxe6
Qh4+ 57. Kg2 Qxf4 58. Qf2 Qg5+ 59. Kf1 Qc1+ 60. Kg2 Qg5+ 61. Kh3 Qh5+ 62. Qh4
Qf5+ 63. Qg4 Qf1+ 64. Kg3 Qg1+ 65. Kf3 Qd1+ 66. Ke3 Qc1+ 67. Ke4 Qe1+ 68. Kf4
Qf2+ 69. Qf3 Qc2 70. Qe4 Qf2+ 71. Nf3 Kf8 72. Qxc6 1-0

[Event "XXXIII Abierto Ciudad de Sevilla"]
[Site "Particular"]
[Date "2008.01.10"]
[Round "7"]
[White "Giménez Jiménez, Jesús"]
[Black "Nederveld, Dieter"]
[Result "1-0"]
[WhiteElo "1994"]
[BlackElo "2046"]
[Annotator ",Particular"]
[PlyCount "45"]
[EventDate "2008.??.??"]
[SourceDate "2008.01.05"]
[TimeControl "7200"]

{Presentada al Premio de Belleza} 1. e4 c6 2. d4 d5 3. e5 c5 4. Nf3 cxd4 5.
Qxd4 e6 6. Bg5 Qa5+ 7. Bd2 Qc5 8. Nc3 Bd7 9. Qf4 Ne7 10. Bd3 Ng6 11. Qg3 Qc7
12. h4 Nc6 13. Nb5 {Diagrama #} Qb8 $2 14. Bc3 $18 (14. Nd6+ Bxd6 15. exd6 $18)
14... d4 15. Bxg6 $2 (15. Nfxd4 Ngxe5 16. Be2 $18) (15. Bxd4 a6 16. Nd6+ Bxd6
17. exd6 $18) 15... dxc3 16. Bxf7+ $5 (16. Bd3 cxb2 17. Rb1 a6 18. Nd6+ Bxd6
19. exd6 O-O 20. O-O $14) 16... Kxf7 17. O-O-O $6 (17. Nxc3 Bb4 18. Ng5+ Ke8
19. f4 $14) 17... cxb2+ $15 18. Kb1 $6 (18. Kxb2 Qd8 $15) 18... Be8 $17 19. Qg4
$2 {Diagrama #} (19. Nd6+ Bxd6 20. Ng5+ Kg8 21. Rxd6 Nd8 $17) 19... h6 $2 (
19... Kg8 $19) 20. Ng5+ hxg5 21. hxg5 Rxh1 $4 (21... Nxe5 22. Qf4+ Kg6 (22...
Kg8 $2 23. Rxh8+ Kxh8 24. Qxf8+ Kh7 25. Rh1+ Bh5 (25... Kg6 26. Qg8 Bd7 27.
Rh6+ Kf5 28. Qxg7 Bxb5 29. Qh7+ Kxg5 30. Qg7+ Kf5 31. f3 Kf4 32. Rh5 Ke3 33.
Rxe5+ Kf2 34. Rxb5 $18) 26. Qf4 Kg8 27. Rxh5 Ng6 28. Qe4 Qe5 29. Rh4 (29. Qxg6
Qe1+ 30. Kxb2 Qb4+ $11) 29... Qxe4 30. Rxe4 e5 $16) 23. Rxh8 (23. Qe4+ Kf7 24.
Qf4+ Kg6) 23... Bxb5 $13) ({Tampoco salva:} 21... Qxe5 22. Rxh8 $18) 22. g6+
Kg8 23. Qxe6+ {y el negro rinde.} 1-0

[Event "XXXIII Abierto Ciudad de Sevilla"]
[Site "?"]
[Date "2008.01.11"]
[Round "8"]
[White "Matamoros, C."]
[Black "Teran Alvarez, I."]
[Result "1/2-1/2"]
[WhiteElo "2529"]
[BlackElo "2404"]
[PlyCount "35"]
[EventDate "2008.01.05"]
[SourceDate "2008.01.05"]

1. d4 d5 2. c4 c6 3. cxd5 cxd5 4. Nc3 Nf6 5. Bf4 Nc6 6. e3 Bf5 7. Nf3 e6 8. Bd3
Bxd3 9. Qxd3 Bd6 10. Bxd6 Qxd6 11. O-O O-O 12. Rfc1 Rfc8 13. Ne2 Ne4 14. Ng3
Nxg3 15. hxg3 Ne7 16. Qd2 f6 17. Rxc8+ Rxc8 18. Rc1 {Diagrama #} 1/2-1/2